000 01455nam a2200409 i 4500
001 196241
003 ES-MaACL
005 20241010165352.0
007 ta
008 240823s2009 sp | |||| 000 0 spa
017 _aM 16209-2009
_bOficina Depósito Legal Madrid
020 _a9788496974173
035 _a(OCoLC)502414555
035 _a(SpMaBN)a4654426
035 _a991019241729708606
040 _aSpMaBN
_bspa
_cSpMaBN
_erdc
_dES-MaACL
080 _a94(460)"15/19"
100 0 _aPérez, Joseph,
_d1931-2020
_990589
245 1 3 _aLa leyenda negra /
_cJoseph Pérez ; traducción de Carlos Manzano.
260 _aMadrid :
_bGadir,
_cD.L. 2009
300 _a253 p. ;
_c21 cm
336 _2rdacontent
_atexto
337 _2rdamedia
_asin mediación
338 _2rdacarrier
_avolumen
490 1 _aEnsayo y biografía
504 _aBibliografía: p. 201-202
594 _aTítulo original: La légende noire de l'Espagne
651 4 _aEspaña-
_xHistoria-
_xLeyenda negra
_2embne
_98346
830 _9222822
_aEnsayo y biografía
852 _aES-MaACL
_cDEPO1
_jA-15338
_hDonación: José Manuel Duarte Cendán
_9203987
903 _9238529
_aDuarte Cendán, José Manuel
_q1
_ednr
942 _n0
_cMONOGRAFIA
999 _c196241
_d196241